000
00285nam a22001337a 4500
008
170204b xxu||||| |||| 00| 0 eng d
020
_a
9781582555393
041
_a
eng
080
_2
2ND
_a
61
100
_a
3
101
_a
SHM
245
_a
WOUND CARE
_c
SCHILLING, J.A
942
_2
udc
_c
BK
999
_c
4570
_d
4570